000 00376 a2200157 4500
005 20250628152940.0
020 _a978-0-07-351128-3
082 _a658.15 ROS
100 _aROSE, S. Harvey
245 _aPublic Finance
250 _a8th Edition
260 _aNew York
_bMcGraw-Hill Irwin
_c2008
300 _axxvi,596p.
_bIndex
_c26 cm
700 _aTed Gayer
942 _2ddc
_cBKS
999 _c6086
_d6086